Responses for Show #42 - Tuesday, November 6, 1984

Contestants

[<< previous game]

David Berson, an investment consultant originally from Chicago, Illinois

Nava Ben-Porat, an insurance agent from Malibu, California

George Zadorozny, a copyright lawyer from Tampa, Florida (whose 1-day cash winnings total $11,000)

[next game >>]

Jeopardy! Round responses

MOUNTAINS
SPORTS
"NICK" NAMES
MYTHOLOGY
BLUE SONGS
ALPHABET SOUP
    $100 1
the Alps

George
    $100 26
[The end-of-round signal sounds.]

300

David
    $100 5
John Wayne

George
    $100 12
the Sirens

George
    $100 16
Blueberry Hill

George
    $100 9
V

George
    $200 2
(George: What is Big Thunder Mountain?)

the Matterhorn

GeorgeDavid
    $200 25
the cardinal

David
    $200 21
Medusa

David
    $200 17
(George: Shoo fly, don't bother me.)

"The Blue-Tail Fly"

George
Triple Stumper
    $200 10
F

David
    $300 6
Mount Ararat

George
    $300 11
pitcher

David
    $300 22
Pegasus

David
    $600 18
"Blue Moon"

George
    $300 13
E-I-E-I-O

George
    $400 7
the Rocky Mountains

George
    $400 4
(David: What is 60?)

48

David
Triple Stumper
    $400 23
harpies

George
    $400 19
(George: What is "My Baby"?)
(Nava: What are "Blue Eyes"?)

"Blue Skies"

GeorgeNava
Triple Stumper
    $400 14
(George: That's my specialty. What is [*]?)
...
(Alex: Glad you got that one.)
(George: I would have been in trouble if I didn't.)

copyrighted

George
    $500 8
(David: What is Asia?)
(George: What is South America?)

Antarctica

GeorgeDavid
Triple Stumper
    $500 3
George Halas

David
    $500 24
(George: What is a goat?)

a satyr

GeorgeDavid
    $500 20
(David: Who is Johnny Ray?)
...
(Alex: Less than a minute to go in the round.)

Bobby Vinton

GeorgeDavid
    $500 15
N

George

Scores at the first commercial break (after clue 11):

George Nava David
$300 $0 $300

Scores at the end of the Jeopardy! Round:

George Nava David
$2,100 -$400 $1,100

Double Jeopardy! Round responses

SCIENCE
GENERALS
SPELLING
HEMINGWAY
HIGHWAYS & BYWAYS
ACTORS & ROLES
    $200 7
white

George
    $200 21
Eisenhower

George
    $200 15
(George: [No response])

M-O-T-H-E-R

George
Triple Stumper
    $200 8
Papa

George
    $200 18
Route 66

George
    $200 24
(David: No idea.)

Harrison Ford

GeorgeDavid
    $400 11
(David: [No response])

a glacier

GeorgeDavid
    $400 5
Moshe Dayan

George
    $400 9
To Have and Have Not

George
    $400 22
a toll

George
    $400 25
(David: Who is Dyan Cannon?)
(George: Who is Elizabeth Taylor?)
[The end-of-round signal sounds.]

Jane Fonda

GeorgeNavaDavid
    $600 13
gravity

George
    $600 4
Alexander Haig

David
    $600 10
Mariel Hemingway

David
    $600 23
north to south

David
    $2,500 14
an invertebrate

George
    $800 3
(Bernard) Montgomery

David
    $800 19
(David: [No response])
...
(Alex: We've got less than a minute to go in the round.)

H-A-R-R-I-G-A-N

David
Triple Stumper
    $800 12
(George: What were the hometowns of Hemingway?)

the birthplace and death place of Hemingway

GeorgeDavid
    $1000 16
(1 of) nitrogen, phosphorus, or potassium

George
    $1000 2
William Westmoreland

David
    $1000 6
V-E-N-T-R-I-L-O-Q-U-I-S-M

David
    $1000 17
an ambulance driver

David
    $1000 20
the Pan-American Highway

David
    $1000 1
(George: Who is John Wayne?)
(Nava: Who is Steve McQueen?)

Clint Eastwood

GeorgeNava
Triple Stumper

Scores at the end of the Double Jeopardy! Round:

George Nava David
$6,400 -$1,000 $6,700

[wagering suggestions for these scores]

Final Jeopardy! Round responses

RIVERS
GeorgeWhat is the Tiber?
$6,400
DavidWhat is the Rubicon
$6,500
the Tiber

Final scores:

George Nava David
$12,800 -$1,000 $200
2-day champion: $23,800 3rd place: Kirsch catalog gift certificate 2nd place: Speed Queen washer & Dryer + Helix stereo system

Game dynamics:

Coryat scores:

George Nava David
$4,400 -$1,000 $6,700
25 R
(including 2 DDs),
9 W
1 R,
2 W
18 R,
7 W

Combined Coryat: $10,100

[game clues] [game scores] [suggest correction]

Game tape date: 1984-09-04
The J! Archive is created by fans, for fans. Scraping, republication, monetization, and malicious use prohibited; this site may use cookies and collect identifying information. See terms. The Jeopardy! game show and all elements thereof, including but not limited to copyright and trademark thereto, are the property of Jeopardy Productions, Inc. and are protected under law. This website is not affiliated with, sponsored by, or operated by Jeopardy Productions, Inc. Join the discussion at JBoard.tv.